List the Provinces of Afghanistan - Statistics

General Stats
  • This quiz has been taken 1,232 times
  • The average score is 11 of 34
Answer Stats
Province % Correct
Kabul
91%
Kandahar
74%
Herat
62%
Helmand
53%
Badakhshan
39%
Bamyan
37%
Farah
37%
Ghazni
37%
Kunduz
37%
Paktika
36%
Khost
35%
Paktia
35%
Zabul
35%
Balkh
34%
Nuristan
33%
Panjshir
32%
Ghor
30%
Baghlan
29%
Nangarhar
29%
Nimruz
29%
Kapisa
28%
Kunar
28%
Badghis
27%
Faryab
27%
Logar
27%
Wardak
27%
Laghman
25%
Parwan
25%
Daykundi
24%
Samangan
22%
Takhar
22%
Jowzjan
21%
Oruzgan
21%
Sar-e Pol
21%
No matching quizzes found
Score Distribution
Percent of People with Each Score
Percentile by Number Answered
Your Score History
You have not taken this quiz